Химическая технология фторида водорода: учебное пособие

Detaylı Bibliyografya
Yazar: Маслов А. А. Александр Антонович
Müşterek Yazar: Национальный исследовательский Томский политехнический университет
Diğer Yazarlar: Тураев Н. С. Николай Степанович, Оствальд Р. В. Роман Вячеславович
Özet:В пособии рассмотрены основные физико-химические свойства фторида водорода в различных агрегатных состояниях, а так же систем, образованных с его участием; изложены теоретические основы, приведены методики расчетов процессов и аппаратов основных технологических стадий - разложения флюоритового концентрата, конденсации, ректификации, абсорбции фторида водорода. Пособие предназначено для студентов обучающихся по направлению 240600, "Химическая технология материалов современной энергетики", магистрантов обучающихся по направлению «Химическая технология и биотехнология», а так же может быть полезным специалистам, работающим в области технологии фторида водорода.
Dil:Rusça
Baskı/Yayın Bilgisi: Томск, Изд-во ТПУ, 2012
Konular:
Materyal Türü: MixedMaterials Kitap
KOHA link:https://koha.lib.tpu.ru/cgi-bin/koha/opac-detail.pl?biblionumber=670475

MARC

LEADER 00000nam0a2200000 4500
001 670475
005 20240415105004.0
090 |a 670475 
100 |a 20240131d2012 m||y0rusy50 ca 
101 0 |a rus 
102 |a RU 
105 |a a j 001yy 
181 0 |a i   |b  e  
182 0 |a n 
183 0 |a nc  |2 RDAcarrier 
200 1 |a Химическая технология фторида водорода  |e учебное пособие  |f А. А. Маслов, Н. С. Тураев, Р. В. Оствальд  |g Национальный исследовательский Томский политехнический университет 
203 |a Текст  |b визуальный  |c непосредственный 
210 |a Томск  |c Изд-во ТПУ  |d 2012 
215 |a 109 с.  |c ил. 
320 |a Список литературы: с. 107-108 
330 |a В пособии рассмотрены основные физико-химические свойства фторида водорода в различных агрегатных состояниях, а так же систем, образованных с его участием; изложены теоретические основы, приведены методики расчетов процессов и аппаратов основных технологических стадий - разложения флюоритового концентрата, конденсации, ректификации, абсорбции фторида водорода. Пособие предназначено для студентов обучающихся по направлению 240600, "Химическая технология материалов современной энергетики", магистрантов обучающихся по направлению «Химическая технология и биотехнология», а так же может быть полезным специалистам, работающим в области технологии фторида водорода. 
606 1 |a Фторид водорода  |x Получение  |9 88127 
610 1 |a учебные пособия 
610 1 |a химическая технология 
610 1 |a физико-химические свойства 
610 1 |a флюоритовый концентрат 
610 1 |a разложение 
610 1 |a реакционный газ 
610 1 |a очистка 
610 1 |a конденсация 
610 1 |a ректификация 
610 1 |a абсорбция 
675 |a 661.48(075.8)  |v 4  |z rus 
700 1 |a Маслов  |b А. А.  |c химик-технолог  |c доцент Томского политехнического университета, кандидат технических наук  |f 1934-  |g Александр Антонович  |9 12864 
701 1 |a Тураев  |b Н. С.  |c химик-технолог  |c доцент Томского политехнического университета, кандидат технических наук  |f 1931-  |g Николай Степанович  |9 11440 
701 1 |a Оствальд  |b Р. В.  |c химик-технолог  |c доцент Томского политехнического университета, кандидат химических наук  |f 1980-  |g Роман Вячеславович  |9 11732 
712 0 2 |a Национальный исследовательский Томский политехнический университет  |c (2009- )  |9 26305 
801 0 |a RU  |b 63413507  |c 20240131 
942 |c BK